[Event "WchT Seniors 65"]
[Site "Rhodes"]
[Date "2019.04.16"]
[Round "1.5"]
[White "Uddenfeldt, Dan"]
[Black "Thornton, John D"]
[Result "1-0"]
[WhiteElo "2339"]
[BlackElo "2061"]
[PlyCount "95"]
[EventDate "2019.04.16"]
[EventType "team-swiss"]
[EventRounds "9"]
[EventCountry "GRE"]
[SourceTitle "CBM 190 Extra"]
[Source "ChessBase"]
[SourceDate "2019.07.15"]
[SourceVersion "1"]
[SourceVersionDate "2019.07.15"]
[SourceQuality "1"]
[WhiteTeam "Sweden"]
[BlackTeam "Wales"]
[WhiteTeamCountry "SWE"]
[BlackTeamCountry "WLS"]

1. d4 d5 2. c4 e6 3. Nf3 c5 4. cxd5 exd5 5. Nc3 Nc6 6. g3 Nf6 7. Bg5 Be7 8. Bg2 0-0 9. 0-0 c4 10. Ne5 Be6 11. b3 cxb3 12. axb3 h6 13. Bf4 Qb6 14. Na4 Qb5 15. Nxc6 bxc6 16. Qc2 Rfc8 17. Rfc1 Nd7 18. Be3 Rab8 19. Rab1 Ba3 20. Rd1 Bf8 21. Bf4 Ra8 22. Nc3 Qb7 23. h4 Re8 24. Na4 Rac8 25. Nc5 Nxc5 26. dxc5 Qe7 27. b4 g5 28. hxg5 hxg5 29. Be3 f6 30. Ra1 Rc7 31. Bd4 Bf7 32. Re1 Bg7 33. Ra6 Rb8 34. Qc3 Bg6 35. e3 Bh7 36. Rea1 Rbb7 37. Bf1 f5 38. b5 Bxd4 39. Qxd4 cxb5 40. c6 Rb6 41. Rxb6 axb6 42. Ra8+ Kf7 43. Qxd5+ Kf6 44. Bxb5 f4 45. Qd4+ Kg6 46. Rh8 Kh6 47. Bd3 Qe6 48. Bxh7 1-0

[Event "WchT Seniors 65"]
[Site "Dresden"]
[Date "2018.07.15"]
[Round "9.2"]
[White "White, Alastair F"]
[Black "Thornton, John D"]
[Result "1/2-1/2"]
[WhiteElo "2081"]
[BlackElo "2080"]
[PlyCount "31"]
[EventDate "2018.07.07"]
[EventType "team-swiss"]
[EventRounds "9"]
[EventCountry "GER"]
[SourceTitle "EXT 2021"]
[Source "ChessBase"]
[SourceDate "2020.10.23"]
[SourceVersion "1"]
[SourceVersionDate "2020.10.23"]
[SourceQuality "1"]
[WhiteTeam "Scotland"]
[BlackTeam "Wales Deheubarth"]
[WhiteTeamCountry "SCO"]
[BlackTeamCountry "WLS"]

1. Nf3 Nf6 2. c4 g6 3. b3 Bg7 4. Bb2 d6 5. e3 0-0 6. Be2 e5 7. d3 Re8 8. 0-0 Nbd7 9. Nc3 Nf8 10. Qc2 h5 11. Nd5 N8h7 12. Nd2 c6 13. Nxf6+ Nxf6 14. Ne4 Be6 15. Ba3 c5 16. Bf3 1/2-1/2

[Event "WchT Seniors 65"]
[Site "Dresden"]
[Date "2018.07.08"]
[Round "2.2"]
[White "Thornton, John D"]
[Black "James, Kevin"]
[Result "1/2-1/2"]
[WhiteElo "2080"]
[BlackElo "1818"]
[PlyCount "37"]
[EventDate "2018.07.07"]
[EventType "team-swiss"]
[EventRounds "9"]
[EventCountry "GER"]
[SourceTitle "EXT 2021"]
[Source "ChessBase"]
[SourceDate "2020.10.23"]
[SourceVersion "1"]
[SourceVersionDate "2020.10.23"]
[SourceQuality "1"]
[WhiteTeam "Wales Deheubarth"]
[BlackTeam "Ireland"]
[WhiteTeamCountry "WLS"]
[BlackTeamCountry "IRL"]

1. e4 c6 2. d4 d5 3. Nc3 dxe4 4. Nxe4 Bf5 5. Ng3 Bg6 6. Bc4 e6 7. N1e2 Bd6 8. Nf4 Qc7 9. Nxg6 hxg6 10. Qf3 Nf6 11. Bd2 Nbd7 12. 0-0-0 0-0-0 13. Kb1 Kb8 14. Bb3 Rc8 15. h3 c5 16. dxc5 Nxc5 17. Bb4 Rh4 18. Bxc5 Qxc5 19. Rd2 1/2-1/2

[Event "WchT Seniors 65"]
[Site "Hersonissos"]
[Date "2017.05.01"]
[Round "8.7"]
[White "Hollstein, Joachim"]
[Black "Thornton, John D"]
[Result "0-1"]
[WhiteElo "2082"]
[BlackElo "2059"]
[PlyCount "44"]
[EventDate "2017.04.24"]
[EventType "team-swiss"]
[EventRounds "9"]
[EventCountry "GRE"]
[SourceTitle "EXT 2018"]
[Source "ChessBase"]
[SourceDate "2017.10.13"]
[SourceVersion "1"]
[SourceVersionDate "2017.10.13"]
[SourceQuality "1"]
[WhiteTeam "Stiftung BSW/DBAG"]
[BlackTeam "Wales"]
[WhiteTeamCountry "GER"]
[BlackTeamCountry "WLS"]

1. d4 Nf6 2. Nf3 c5 3. e3 g6 4. Bd3 Bg7 5. c3 Qc7 6. e4 d6 7. Bf4 Nh5 8. Be3 Nd7 9. Qd2 e5 10. Na3 a6 11. Bh6 0-0 12. Bxg7 Kxg7 13. g3 b5 14. Be2 exd4 15. cxd4 Nhf6 16. Qe3 Re8 17. Nd2 Nxe4 18. Nxe4 Nf6 19. f3 d5 20. dxc5 dxe4 21. 0-0 Bh3 22. Rfc1 exf3 0-1

[Event "WchT Seniors 65"]
[Site "Hersonissos"]
[Date "2017.04.26"]
[Round "3.2"]
[White "Stokes, Michael"]
[Black "Thornton, John D"]
[Result "1/2-1/2"]
[WhiteElo "2223"]
[BlackElo "2059"]
[PlyCount "91"]
[EventDate "2017.04.24"]
[EventType "team-swiss"]
[EventRounds "9"]
[EventCountry "GRE"]
[SourceTitle "CBM 178 Extra"]
[Source "ChessBase"]
[SourceDate "2017.06.22"]
[SourceVersion "1"]
[SourceVersionDate "2017.06.22"]
[SourceQuality "1"]
[WhiteTeam "England"]
[BlackTeam "Wales"]
[WhiteTeamCountry "ENG"]
[BlackTeamCountry "WLS"]

1. e4 e5 2. Nf3 Nc6 3. Bb5 Nd4 4. Nxd4 exd4 5. Bc4 h5 6. d3 Bc5 7. Nd2 c6 8. Qe2 d6 9. h3 Ne7 10. c3 dxc3 11. bxc3 d5 12. Bb3 Be6 13. d4 Bb6 14. Ba3 Qd7 15. Nf3 0-0-0 16. Ne5 Qe8 17. f3 Kb8 18. Ba4 Ng6 19. Nxg6 fxg6 20. e5 Bf5 21. 0-0-0 Ka8 22. Rhe1 Be6 23. Qb2 Qf7 24. Rd2 Rc8 25. Kb1 Bd8 26. Ka1 Be7 27. Bc2 Bxa3 28. Qxa3 g5 29. Rf2 Qf8 30. Qd6 Qf7 31. Ref1 Rhd8 32. Qb4 Qc7 33. f4 gxf4 34. Rxf4 c5 35. Qxc5 Qxc5 36. dxc5 Rxc5 37. Rf8 Rdc8 38. Rxc8+ Rxc8 39. Bf5 Rf8 40. Bd3 Rxf1+ 41. Bxf1 h4 42. Kb2 Kb8 43. Kc2 Kc7 44. Bd3 Kc6 45. Bg6 Kc5 46. Kd3 1/2-1/2

[Event "EU-chT Seniors"]
[Site "Vienna"]
[Date "2015.07.19"]
[Round "8.16"]
[White "Thornton, John D"]
[Black "Mai, Hartmut"]
[Result "1/2-1/2"]
[WhiteElo "2004"]
[BlackElo "1969"]
[PlyCount "33"]
[EventDate "2015.07.12"]
[EventType "team-swiss"]
[EventRounds "9"]
[EventCountry "AUT"]
[SourceTitle "EXT 2018"]
[Source "ChessBase"]
[SourceDate "2017.10.13"]
[SourceVersion "1"]
[SourceVersionDate "2017.10.13"]
[SourceQuality "1"]
[WhiteTeam "Gwent Wales"]
[BlackTeam "DSW DBAG II"]
[WhiteTeamCountry "WLS"]
[BlackTeamCountry "GER"]

1. e4 c6 2. d4 d5 3. exd5 cxd5 4. c4 e6 5. Nc3 Nf6 6. Nf3 Nc6 7. Bg5 Be7 8. Bd3 dxc4 9. Bxc4 0-0 10. 0-0 b6 11. Re1 Bb7 12. a3 a6 13. Qd2 b5 14. Be2 Qd7 15. Qf4 Nd5 16. Nxd5 Qxd5 17. Bxe7 1/2-1/2

[Event "EU-chT Seniors"]
[Site "Vienna"]
[Date "2015.07.18"]
[Round "7.17"]
[White "Thornton, John D"]
[Black "Bevan, Peter M"]
[Result "1/2-1/2"]
[WhiteElo "2004"]
[BlackElo "2007"]
[PlyCount "60"]
[EventDate "2015.07.12"]
[EventType "team-swiss"]
[EventRounds "9"]
[EventCountry "AUT"]
[SourceTitle "EXT 2018"]
[Source "ChessBase"]
[SourceDate "2017.10.13"]
[SourceVersion "1"]
[SourceVersionDate "2017.10.13"]
[SourceQuality "1"]
[WhiteTeam "Gwent Wales"]
[BlackTeam "Wales Dyfed"]
[WhiteTeamCountry "WLS"]
[BlackTeamCountry "WLS"]

1. e4 c5 2. Nf3 g6 3. c3 Bg7 4. d4 cxd4 5. cxd4 d5 6. e5 Bg4 7. Bb5+ Nc6 8. h3 Bxf3 9. Qxf3 e6 10. Bxc6+ bxc6 11. Qc3 Qb6 12. 0-0 Ne7 13. Nd2 Nf5 14. Nb3 Bf8 15. Bg5 Bb4 16. Qc2 0-0 17. a3 Be7 18. Bxe7 Nxe7 19. Nc5 Rfd8 20. b4 Qb5 21. Rfd1 Nc8 22. Qd3 Qxd3 23. Rxd3 Nb6 24. Nb7 Rd7 25. Na5 Nc4 26. Rc3 Nxa5 27. bxa5 Rc7 28. Rb1 Kf8 29. Kf1 Ke8 30. Ke2 Kd7 1/2-1/2

[Event "EU-chT Seniors"]
[Site "Sibenik"]
[Date "2014.04.03"]
[Round "3.9"]
[White "Scholes, James Edward"]
[Black "Thornton, John D"]
[Result "1/2-1/2"]
[WhiteElo "2103"]
[BlackElo "2020"]
[PlyCount "41"]
[EventDate "2014.04.01"]
[EventType "team-swiss"]
[EventRounds "9"]
[EventCountry "CRO"]
[SourceTitle "CBM 159 Extra"]
[Source "ChessBase"]
[SourceDate "2014.04.24"]
[SourceVersion "1"]
[SourceVersionDate "2014.04.24"]
[SourceQuality "1"]
[WhiteTeam "England Seniors"]
[BlackTeam "Wales Dragons Seniors"]
[WhiteTeamCountry "ENG"]
[BlackTeamCountry "WLS"]

1. c4 e6 2. Nc3 d5 3. d4 c5 4. e3 Nf6 5. Nf3 Nc6 6. a3 cxd4 7. exd4 Be7 8. cxd5 Nxd5 9. Be2 0-0 10. 0-0 a6 11. Qc2 Bf6 12. Rd1 Nxc3 13. bxc3 b5 14. a4 b4 15. cxb4 Nxb4 16. Qd2 Nd5 17. Ne5 Bb7 18. Bf3 Bxe5 19. dxe5 Qd7 20. Qd4 Rfc8 21. Bb2 1/2-1/2

[Event "EU-chT Seniors 15th"]
[Site "Dresden"]
[Date "2013.07.24"]
[Round "5"]
[White "Taksrud, Vidar"]
[Black "Thornton, John D"]
[Result "1-0"]
[WhiteElo "2050"]
[BlackElo "2029"]
[PlyCount "103"]
[EventDate "2013.07.20"]
[EventType "team-swiss"]
[EventRounds "9"]
[EventCountry "GER"]
[SourceTitle "CBM 155 Extra"]
[Source "ChessBase"]
[SourceDate "2013.08.26"]
[SourceVersion "1"]
[SourceVersionDate "2013.08.26"]
[SourceQuality "1"]
[WhiteTeam "Norway II"]
[BlackTeam "Wales"]
[WhiteTeamCountry "NOR"]
[BlackTeamCountry "WLS"]

1. d4 Nf6 2. c4 c5 3. Nf3 e6 4. Nc3 d5 5. e3 Nc6 6. Be2 a6 7. Ne5 Bd6 8. Nxc6 bxc6 9. 0-0 0-0 10. dxc5 Bxc5 11. Qc2 Qe7 12. e4 d4 13. Na4 e5 14. Bg5 Rb8 15. a3 Ba7 16. Rae1 h6 17. Bh4 Qe6 18. b3 Nd7 19. Nb2 a5 20. Nd3 Nc5 21. Nxc5 Bxc5 22. a4 Qg6 23. Bd3 Qe6 24. Bg3 g5 25. Qd1 Re8 26. Bc2 Re7 27. Qd3 Qg6 28. Rd1 Bg4 29. Rde1 f6 30. h3 Be6 31. Kh1 Rg7 32. Bd1 h5 33. Bh2 Ba3 34. Re2 Bc5 35. Ra2 Kf7 36. h4 Ke7 37. hxg5 Qxg5 38. f4 exf4 39. Bxf4 Qh4+ 40. Kg1 Rbg8 41. e5 Bf5 42. exf6+ Qxf6 43. Be5 Qxe5 44. Rxf5 Qe1+ 45. Qf1 d3+ 46. Rxc5 Qe3+ 47. Kh1 Qxc5 48. Qxd3 Rg5 49. Re2+ Kf7 50. Qd7+ Kf6 51. Re6+ Kf5 52. Qf7# 1-0

[Event "Gibraltar Masters 11th"]
[Site "Caleta"]
[Date "2013.01.24"]
[Round "3"]
[White "Thornton, John D"]
[Black "Tari, Aryan"]
[Result "0-1"]
[WhiteElo "2053"]
[BlackElo "2268"]
[PlyCount "86"]
[EventDate "2013.01.22"]
[EventType "swiss"]
[EventRounds "10"]
[EventCountry "GGB"]
[SourceTitle "CBM 153"]
[Source "ChessBase"]
[SourceDate "2013.03.14"]
[SourceVersion "1"]
[SourceVersionDate "2013.03.14"]
[SourceQuality "1"]

1. c4 e5 2. g3 c6 3. d4 exd4 4. Qxd4 Nf6 5. Nc3 d5 6. Bg5 Be7 7. cxd5 cxd5 8. e3 0-0 9. Bg2 Nc6 10. Qd2 Be6 11. Nge2 Qa5 12. 0-0 Rfd8 13. Nd4 Ne4 14. Nxe4 Qxd2 15. Nxd2 Bxg5 16. N2b3 Nxd4 17. Nxd4 Bf6 18. Rfc1 Rac8 19. Kf1 Rc4 20. Rxc4 dxc4 21. Rd1 Bf5 22. Ke2 Bd3+ 23. Kd2 b5 24. Kc3 a5 25. b4 axb4+ 26. Kxb4 Rb8 27. Rxd3 cxd3 28. Kc3 Bxd4+ 29. exd4 b4+ 30. Kxd3 Rc8 31. Bb7 Rc3+ 32. Kd2 Rc7 33. Be4 Ra7 34. Bb1 Ra3 35. h4 Kf8 36. d5 g6 37. h5 Ke7 38. hxg6 hxg6 39. g4 Kd6 40. f4 Kxd5 41. g5 Rf3 42. f5 gxf5 43. Bc2 Rf2+ 0-1

[Event "EU-chT Seniors"]
[Site "Rogaska Slatina"]
[Date "2012.04.04"]
[Round "9.15"]
[White "Thornton, John D"]
[Black "Hellwege, Werner"]
[Result "1-0"]
[WhiteElo "2036"]
[BlackElo "2029"]
[PlyCount "65"]
[EventDate "2012.03.27"]
[EventType "team-swiss"]
[EventRounds "9"]
[EventCountry "SLO"]
[SourceTitle "CBM 147 Extra"]
[Source "ChessBase"]
[SourceDate "2012.04.24"]
[SourceVersion "1"]
[SourceVersionDate "2012.04.24"]
[SourceQuality "1"]
[WhiteTeam "Wales (Seniors)"]
[BlackTeam "Niedersachsen (Seniors)"]
[WhiteTeamCountry "WLS"]
[BlackTeamCountry "GER"]

1. c4 c6 2. g3 d5 3. Bg2 Nf6 4. Nf3 Nbd7 5. cxd5 cxd5 6. d4 Ne4 7. 0-0 e6 8. Qc2 Bd6 9. Bd2 0-0 10. Nc3 Nxd2 11. Qxd2 Nf6 12. Rac1 Bd7 13. Ne5 Bxe5 14. dxe5 Ng4 15. Qd4 Qg5 16. h4 Qg6 17. e4 Qh5 18. exd5 Nxe5 19. Qd1 Qxd1 20. Rfxd1 exd5 21. Rxd5 f6 22. f4 Bc6 23. fxe5 Bxd5 24. Bxd5+ Kh8 25. e6 Rfe8 26. Re1 Re7 27. Bb3 Rb8 28. Kf2 b5 29. Rd1 g6 30. Rd6 Kg7 31. Nd5 Reb7 32. e7 f5 33. Rd8 1-0

[Event "EU-chT Seniors"]
[Site "Rogaska Slatina"]
[Date "2012.03.27"]
[Round "1.5"]
[White "Thornton, John D"]
[Black "Wittmann, Walter"]
[Result "1/2-1/2"]
[WhiteElo "2036"]
[BlackElo "2286"]
[PlyCount "52"]
[EventDate "2012.03.27"]
[EventType "team-swiss"]
[EventRounds "9"]
[EventCountry "SLO"]
[SourceTitle "CBM 147 Extra"]
[Source "ChessBase"]
[SourceDate "2012.04.24"]
[SourceVersion "1"]
[SourceVersionDate "2012.04.24"]
[SourceQuality "1"]
[WhiteTeam "Wales (Seniors)"]
[BlackTeam "Austria (Seniors)"]
[WhiteTeamCountry "WLS"]
[BlackTeamCountry "AUT"]

1. c4 Nf6 2. g3 g6 3. Bg2 Bg7 4. Nc3 0-0 5. e4 d6 6. Nge2 e5 7. 0-0 Nc6 8. d3 Bd7 9. h3 h6 10. Be3 a6 11. f4 Rb8 12. Nd5 Nxd5 13. cxd5 Ne7 14. Qd2 Kh7 15. fxe5 dxe5 16. d4 Ng8 17. dxe5 Bxe5 18. Bc5 Bd6 19. Rac1 Bb5 20. Rf3 Bxe2 21. Qxe2 Qe7 22. Bd4 Rbe8 23. Re3 Be5 24. Bc5 Bd6 25. Bd4 Be5 26. Bc5 Bd6 1/2-1/2

[Event "Gibraltar Masters 10th"]
[Site "Caleta"]
[Date "2012.02.02"]
[Round "10"]
[White "Thornton, John D"]
[Black "Knudsen, Jes West"]
[Result "0-1"]
[WhiteElo "2050"]
[BlackElo "1892"]
[PlyCount "74"]
[EventDate "2012.01.24"]
[EventType "swiss"]
[EventRounds "10"]
[EventCountry "GGB"]
[SourceTitle "CBM 147"]
[Source "ChessBase"]
[SourceDate "2012.03.16"]
[SourceVersion "1"]
[SourceVersionDate "2012.03.16"]
[SourceQuality "1"]

1. e4 c5 2. Nf3 a6 3. c4 Nc6 4. d4 cxd4 5. Nxd4 e5 6. Nc2 Nf6 7. Nc3 Bc5 8. Bd3 d6 9. 0-0 Bg4 10. Qe1 0-0 11. Bg5 h6 12. Be3 Nd4 13. f3 Nxc2 14. Bxc2 Qb6 15. Bxc5 Qxc5+ 16. Qf2 Be6 17. Nd5 Nxd5 18. Qxc5 dxc5 19. exd5 Bd7 20. Rfe1 Rfe8 21. Re3 b5 22. Bd3 Rab8 23. cxb5 axb5 24. Rae1 f6 25. b3 Rec8 26. Rc1 Kf8 27. Bg6 Ke7 28. f4 Ra8 29. fxe5 fxe5 30. Rxe5+ Kf6 31. Re2 Kxg6 32. Re7 Bf5 33. d6 Rxa2 34. Rc7 Rd8 35. Rd1 Be4 36. d7 Rf8 37. Rd6+ Kh7 0-1

[Event "Gibraltar Masters 10th"]
[Site "Caleta"]
[Date "2012.01.25"]
[Round "2"]
[White "Thornton, John D"]
[Black "Sanchez, Louis"]
[Result "0-1"]
[WhiteElo "2050"]
[BlackElo "2261"]
[PlyCount "46"]
[EventDate "2012.01.24"]
[EventType "swiss"]
[EventRounds "10"]
[EventCountry "GGB"]
[SourceTitle "CBM 147"]
[Source "ChessBase"]
[SourceDate "2012.03.16"]
[SourceVersion "1"]
[SourceVersionDate "2012.03.16"]
[SourceQuality "1"]

1. c4 d6 2. g3 e5 3. Bg2 Nf6 4. Nc3 g6 5. e4 Bg7 6. Nge2 Nc6 7. d3 0-0 8. 0-0 Nh5 9. f4 f5 10. exf5 Bxf5 11. Nd5 Qd7 12. Be3 Rae8 13. Qd2 exf4 14. Nexf4 Nxf4 15. Bxf4 Ne5 16. Ne3 Nxd3 17. Nxf5 Nxf4 18. Nxg7 Re2 19. Bd5+ Kh8 20. Qc3 Rg2+ 21. Bxg2 Ne2+ 22. Kh1 Rxf1+ 23. Rxf1 Nxc3 0-1

[Event "EU-chT Seniors"]
[Site "Thessaloniki"]
[Date "2011.05.03"]
[Round "1"]
[White "Westerinen, Heikki MJ"]
[Black "Thornton, John D"]
[Result "1-0"]
[WhiteElo "2350"]
[BlackElo "2065"]
[PlyCount "53"]
[EventDate "2011.05.03"]
[EventType "team-swiss"]
[EventRounds "9"]
[EventCountry "GRE"]
[SourceTitle "CBM 142 Extra"]
[Source "ChessBase"]
[SourceDate "2011.06.27"]
[SourceVersion "1"]
[SourceVersionDate "2011.06.27"]
[SourceQuality "1"]
[WhiteTeam "Finland"]
[BlackTeam "Wales"]
[WhiteTeamCountry "FIN"]
[BlackTeamCountry "WLS"]

1. e4 e5 2. Nf3 Nc6 3. Nc3 Nf6 4. Be2 Bb4 5. 0-0 d6 6. d3 h6 7. a3 Bc5 8. Na4 0-0 9. Nxc5 dxc5 10. c3 Qe7 11. Qc2 b6 12. b4 Bb7 13. Nh4 cxb4 14. axb4 Rfe8 15. Nf5 Qe6 16. f4 exf4 17. Bxf4 Ne5 18. Rf2 Neg4 19. Bxg4 Nxg4 20. Rf3 Ne5 21. Bxe5 Qxe5 22. Rg3 g6 23. Nxh6+ Kg7 24. Ng4 Qh5 25. Rf1 Rh8 26. Qf2 f5 27. Qd4+ 1-0

[Event "EU-chT Seniors 12th"]
[Site "Dresden"]
[Date "2010.02.18"]
[Round "9"]
[White "Kratschmer, Heinz"]
[Black "Thornton, John D"]
[Result "1-0"]
[WhiteElo "2160"]
[BlackElo "2097"]
[PlyCount "75"]
[EventDate "2010.02.10"]
[EventType "team-swiss"]
[EventRounds "9"]
[EventCountry "GER"]
[SourceTitle "CBM 134 Extra"]
[Source "ChessBase"]
[SourceDate "2010.03.03"]
[SourceVersion "1"]
[SourceVersionDate "2010.03.03"]
[SourceQuality "1"]
[WhiteTeam "Steiermark (Seniors)"]
[BlackTeam "Wales (Seniors)"]
[WhiteTeamCountry "AUT"]
[BlackTeamCountry "WLS"]

1. d4 e6 2. e4 d5 3. e5 c5 4. c3 Nc6 5. Nf3 Bd7 6. Be2 Rc8 7. 0-0 cxd4 8. cxd4 Nh6 9. Bxh6 gxh6 10. Nc3 a6 11. Rc1 Bg7 12. Bd3 f6 13. Re1 0-0 14. Bb1 Be8 15. Qd2 Bh5 16. exf6 Qxf6 17. Ne5 Qf4 18. Qc2 Rf5 19. Nxd5 Qg5 20. Ne3 Ne7 21. Qe4 Rxc1 22. Rxc1 Bxe5 23. dxe5 Bg6 24. Qc4 Rf8 25. Qxe6+ Bf7 26. Qg4 Nc6 27. f4 Qxg4 28. Nxg4 Kg7 29. Rd1 Be6 30. Nf6 Rf7 31. b3 Rf8 32. g3 Rd8 33. Rxd8 Nxd8 34. Bxh7 Nc6 35. Be4 a5 36. Ne8+ Kf8 37. Nd6 Nb4 38. Nxb7 1-0

[Event "EU-chT Seniors 12th"]
[Site "Dresden"]
[Date "2010.02.16"]
[Round "7"]
[White "Nordstrom, Felix"]
[Black "Thornton, John D"]
[Result "1/2-1/2"]
[WhiteElo "2191"]
[BlackElo "2097"]
[PlyCount "68"]
[EventDate "2010.02.10"]
[EventType "team-swiss"]
[EventRounds "9"]
[EventCountry "GER"]
[SourceTitle "CBM 134 Extra"]
[Source "ChessBase"]
[SourceDate "2010.03.03"]
[SourceVersion "1"]
[SourceVersionDate "2010.03.03"]
[SourceQuality "1"]
[WhiteTeam "Sweden (Seniors)"]
[BlackTeam "Wales (Seniors)"]
[WhiteTeamCountry "SWE"]
[BlackTeamCountry "WLS"]

1. d4 f5 2. g3 Nf6 3. Bg2 e6 4. Nf3 d5 5. 0-0 Bd6 6. b3 c6 7. c4 Qe7 8. Bb2 0-0 9. Nbd2 b6 10. Ne5 Bb7 11. Rc1 a5 12. e3 Ne4 13. Qe2 Nxd2 14. Qxd2 a4 15. Nd3 Nd7 16. b4 Ba6 17. b5 cxb5 18. cxd5 Bb7 19. dxe6 Bxg2 20. Kxg2 Qxe6 21. Bc3 Rac8 22. Kg1 Nf6 23. Bb4 Ne4 24. Qb2 Bxb4 25. Nxb4 Ng5 26. Rxc8 Rxc8 27. Rc1 Rxc1+ 28. Qxc1 Qc4 29. Qb2 Ne4 30. Kg2 g5 31. f3 Nc3 32. a3 g4 33. fxg4 fxg4 34. Qc2 Qb3 1/2-1/2